000 00702nam a2200205 i 4500
001 188593
003 ES-MaACL
005 20251003063204.0
008 190103s1965 sp |||| | spa d
100 1 _aCongar, Yves,
_d1904-1995
_940170
245 1 3 _aAspectos del ecumenismo /
_cYves M. J. Congar ; traductor Luis Lopez del Castillo.
260 _aBarcelona :
_bEstela,
_c1965.
300 _a129 p. ;
_c20 cm.
490 1 _aColección "Concilio Vaticano II" ;
_v11
650 0 4 _aEcumenismo.
_912045
700 1 _aLópez del Castillo, Lluís,
_d1938-
_973603
830 0 _aColección "Concilio Vaticano II" ;
_v11
_9193111
852 _aES-MaACL
_jP-203-Ter-10
999 _c188593
_d188593